Do you sincerely want to be rich : Bernard Cornfeld and IOS: an international swindle

A Warning to Investors from Mr Bernard Coenfeld ; The Making of a Conceptual Salesman ; The Financial Revolutionaries,...

Spremljeno u:
Bibliografski detalji
Glavni autor: Raw, Charles
Format: Knjiga
Jezik:Undetermined
Izdano: London Deutsch 1971
Teme:
Oznake: Dodaj oznaku
Bez oznaka, Budi prvi tko označuje ovaj zapis!
Thư viện lưu trữ: Trung tâm Học liệu Trường Đại học Cần Thơ
LEADER 00743nam a2200205Ia 4500
001 CTU_226561
008 210402s9999 xx 000 0 und d
082 |a 332.6 
082 |b R257 
100 |a Raw, Charles 
245 0 |a Do you sincerely want to be rich : 
245 0 |b Bernard Cornfeld and IOS: an international swindle 
245 0 |c Charles Raw, Godfrey Hodgson, Bruce Page 
260 |a London 
260 |b Deutsch 
260 |c 1971 
520 |a A Warning to Investors from Mr Bernard Coenfeld ; The Making of a Conceptual Salesman ; The Financial Revolutionaries,... 
650 |a Nhà đầu tư nước ngoài,Investors Overseas Services 
910 |b nthai 
980 |a Trung tâm Học liệu Trường Đại học Cần Thơ